000 00789nam a2200253Ia 4500
003 OSt
005 20220926014537.0
006 a|||||r|||| 00| 0
007 ta
008 220923b |||||||| |||| 00| 0 eng d
020 _a0071466266
_c2429.5900000000001
037 _b1905, 13/12/2006, P.T. BOOKS INTERNATIONAL
_cGeneral Book
040 _aRTL
_cRTL
_beng
041 _2eng
_aeng
082 _aX:86, P6
100 _aBarkley Bruce T
_9320799
245 0 _aIntegrated project management
260 _aNew York
_bMcGraw-Hill
_c2006
300 _axxv,310p.
_ccm.
500 _aAppendix P 259-96
650 _aProject Management
_9234243
942 _hX:86, P6
_cGB
_2CC
999 _c629313
_d629313